1027 1490 1862 1905 1741 1785 1267 1407 1781 1699 1543 1444 1414 1133 1794 1941 1523 1475 1314 1164 1020 1759 1780 1836 1414 1903 1392 1150 1052 1813 1928 1668 1184 1835 1522 1554 1948 1831 1479 1288 1201 1849 1537 1400 1283 1436 1967 1661 1246 1651 1495 1310 1518 1170 1808 1889 1649 1603 1737 1775 1216 1230 1314 1335 1386 1329 1190 1324 1781 1705 1954 1598 1331 1788 1204 1087 1774 1604 1208 1649 1925 1476 1617 1824 1295 1986 1122 1851 1784 1521 1202 1409 1926 1063 1953 1729 1689 1993 1004 BCNSPRNW ULIB Ver.6.0+V

เปลี่ยนเป็นภาษาไทย

Change to English
 แสดงรายละเอียดบรรณานุกรม
  กลับหน้าหลัก

Brief Record : Get Marc (ISO 2709) : E-mail record : QR code < ปิดหน้าต่าง
LEADER : 00000nam 2200000uu 4500
001    13399121103
003     ULIB
008    121106s2547||||th 000 0 tha d
020    ^a9749663322
050 04 ^aLA2108^bก645
245 00 ^aการอุดมศึกษาของประเทศออสเตรเลีย /^cโดย กลุ่มเสวนาการประกันคุณภาพการศึกษา ที่ประชุมอธิการบดีแห่งประเทศไทย
250    ^aพิมพ์ครั้งที่ 1
260    ^aกรุงเทพฯ :^bสำนักมาตรฐานและประเมินผลอุดมศึกษา สำนักงานคณะกรรมการการอุดมศึกษา กระทรวงศึกษาธิการ,^c2547.
300    ^a138 หน้า :^bภาพประกอบ +^eซีดี-รอม 1 แผ่น
440  0 ^aสิ่งพิมพ์ (สำนักมาตรฐานและประเมินผลอุดมศึกษา) ;^vลำดับที่ 53.
650  7 ^aการศึกษาขั้นอุดมศึกษาของออสเตรเลีย
650  7 ^aสถาบันอุดมศึกษาออสเตรเลีย
710 20 ^aสำนักมาตรฐานและประเมินผลอุดมศึกษา
710 20 ^aสำนักงานคณะกรรมการการอุดมศึกษา
710 20 ^aที่ประชุมอธิการบดีแห่งประเทศไทย.^bกลุ่มเสวนาการประกันคุณภาพการศึกษา
852    ^aบริหารการศึกษา
945    ^p0^l0^i24283
945    ^p0^l0^i24284
945    ^p0^l0^i24285
945    ^p0^l0^i24286
995    ^aวิภา
999    ^aวิภา
รายการนี้ยังไม่มีแท็ก
คุณยังไม่ได้ล็อกอิน คุณสามารถมีกิจกรรมร่วมกับเว็บไซต์ได้ แต่ต้องล็อกอินก่อน ::
  ล็อกอิน

รายการสื่อสารสนเทศ

ลำดับที่ ประเภท เลขเรียก/บาร์โค้ด สถานที่ สถานะ
1. วิทยาศาสตร์การแพทย์ และสุขภาพ
วิทยาศาสตร์การแพทย์ และสุขภาพ
LA2108 ก645  
  Barcode: 24283
ห้องสมุดวิทยาเขตสวรรค์ประชารักษ์
►หนังสือทั่วไป
บนชั้น
2. วิทยาศาสตร์การแพทย์ และสุขภาพ
วิทยาศาสตร์การแพทย์ และสุขภาพ
LA2108 ก645 ฉ.2 
  Barcode: 24284
ห้องสมุดวิทยาเขตสวรรค์ประชารักษ์
►หนังสือทั่วไป
บนชั้น
3. วิทยาศาสตร์การแพทย์ และสุขภาพ
วิทยาศาสตร์การแพทย์ และสุขภาพ
LA2108 ก645 ฉ.3 
  Barcode: 24285
ห้องสมุดวิทยาเขตสวรรค์ประชารักษ์
►หนังสือทั่วไป
บนชั้น
4. วิทยาศาสตร์การแพทย์ และสุขภาพ
วิทยาศาสตร์การแพทย์ และสุขภาพ
LA2108 ก645 ฉ.4 
  Barcode: 24286
ห้องสมุดวิทยาเขตสวรรค์ประชารักษ์
►หนังสือทั่วไป
บนชั้น

รายการใกล้เคียง
    หัวเรื่อง [สถาบันอุดมศึกษาออสเตรเลีย]

BibComment


ยังไม่เคยถูกคอมเมนท์

คอมเมนท์ทรัพยากรรายการนี้
  คอมเมนท์: การอุดมศึกษาของป..


 Copyright 2026. Bcnsprnw @Library